Bill documents (Record no. 111724)

MARC details
000 -LEADER
fixed length control field 00844cam a22002055a 4500
001 - CONTROL NUMBER
control field L151907
008 - FIXED-LENGTH DATA ELEMENTS--GENERAL INFORMATION
fixed length control field 101220s2010 xxk f 000 0 eng d
035 ## - SYSTEM CONTROL NUMBER
System control number (Sirsi) u151907
041 0# - LANGUAGE CODE
Language code of text/sound track or separate title eng
110 2# - MAIN ENTRY--CORPORATE NAME
Corporate name or jurisdiction name as entry element United Kingdom Parliament
Subordinate unit House of Lords
9 (RLIN) 3232
245 00 - TITLE STATEMENT
Title Bill documents
Remainder of title Energy Bill, explanatory notes[HL] 2010-11
Medium [electronic resource]
260 ## - PUBLICATION, DISTRIBUTION, ETC.
Place of publication, distribution, etc. London
Name of publisher, distributor, etc. House of Lords
Date of publication, distribution, etc. 2010
490 #0 - SERIES STATEMENT
Series statement House of Lords Bill
Volume/sequential designation 33 EN 2010-11
520 ## - SUMMARY, ETC.
Summary, etc. Explanatory notes for the Energy Bill as introduced in the House of Lords on 8 December 2010.
650 24 - SUBJECT ADDED ENTRY--TOPICAL TERM
Topical term or geographic name entry element ENERGY EFFICIENCY BILL
651 #4 - SUBJECT ADDED ENTRY--GEOGRAPHIC NAME
Geographic name England
Chronological subdivision 886-
690 ## - LOCAL SUBJECT ADDED ENTRY--TOPICAL TERM (OCLC, RLIN)
Topical term or geographic name as entry element ENVIRONMENTAL AND LAND CONSULTANCY-ENERGY
856 40 - ELECTRONIC LOCATION AND ACCESS
Uniform Resource Identifier <a href="https://www.publications.parliament.uk/pa/ld201011/ldbills/033/en/2011033en.html">https://www.publications.parliament.uk/pa/ld201011/ldbills/033/en/2011033en.html</a>
Public note View the item free of charge at: www.parliament.uk
942 ## - ADDED ENTRY ELEMENTS (KOHA)
Suppress in OPAC 0
Holdings
Withdrawn status Lost status Source of classification or shelving scheme Damaged status Not for loan Home library Current library Shelving location Date acquired Total Checkouts Full call number Barcode Date last seen Copy number Price effective from Koha item type
    Dewey Decimal Classification     Virtual Virtual Online 20/12/2010   ONLINE PUBLICATION 151907-2001 06/08/2019 1 06/08/2019 Book